[Event "Wch Seniors 65 31st"]
[Site "Terassini"]
[Date "2023.11.03"]
[Round "9"]
[White "Furman, Boris"]
[Black "Werner, Clemens"]
[Result "1/2-1/2"]
[WhiteElo "2134"]
[BlackElo "2230"]
[PlyCount "31"]
[EventDate "2023.10.25"]
[EventType "swiss"]
[EventRounds "11"]
[EventCountry "ITA"]
[SourceTitle "Mega2024 Update 01"]
[Source "Chessbase"]
[SourceDate "2023.11.12"]
[SourceVersion "1"]
[SourceVersionDate "2023.11.12"]
[SourceQuality "1"]

1. d4 d6 2. Nf3 Bg4 3. c4 Bxf3 4. exf3 c6 5. Nc3 g6 6. Be3 Bg7 7. Be2 Nd7 8. 0-0 e6 9. Ne4 Ndf6 10. Bf4 Nxe4 11. fxe4 Ne7 12. d5 e5 13. Be3 0-0 14. dxc6 Nxc6 15. c5 Nd4 16. cxd6 1/2-1/2

[Event "EU-chT Seniors 65"]
[Site "Swidnica"]
[Date "2023.07.20"]
[Round "9.4"]
[White "Peretz, Malkiel"]
[Black "Werner, Clemens"]
[Result "1-0"]
[WhiteElo "2158"]
[BlackElo "2244"]
[PlyCount "65"]
[EventDate "2023.07.12"]
[EventType "team-swiss"]
[EventRounds "9"]
[EventCountry "POL"]
[SourceTitle "CBM 215 Extra"]
[Source "ChessBase"]
[SourceDate "2023.09.30"]
[SourceVersion "1"]
[SourceVersionDate "2023.09.30"]
[SourceQuality "1"]
[WhiteTeam "Israel 65"]
[BlackTeam "Germany 65  "]
[WhiteTeamCountry "ISR"]
[BlackTeamCountry "GER"]

1. e4 c6 2. d4 d5 3. Nd2 dxe4 4. Nxe4 Bf5 5. Ng3 Bg6 6. Nf3 Nd7 7. h4 h6 8. h5 Bh7 9. Bd3 Bxd3 10. Qxd3 e6 11. Bf4 Qa5+ 12. Bd2 Bb4 13. Ne4 Bxd2+ 14. Nfxd2 Ne7 15. Nd6+ Kf8 16. Nxb7 Qc7 17. Nc5 Nxc5 18. dxc5 Qe5+ 19. Qe4 Qxb2 20. 0-0 Qf6 21. Rab1 Qg5 22. Nf3 Qxh5 23. Rb7 Qd5 24. Qf4 Re8 25. c4 Qf5 26. Qd6 f6 27. Nd4 Qe5 28. Rxa7 g6 29. Rb1 Rg8 30. Rb8 Qxd6 31. Rxe8+ Kxe8 32. cxd6 Nf5 33. Nxf5 1-0

[Event "Wch Seniors 65 30th"]
[Site "Assisi"]
[Date "2022.11.19"]
[Round "5"]
[White "Khropova, Larisa"]
[Black "Werner, Clemens"]
[Result "0-1"]
[WhiteElo "2029"]
[BlackElo "2236"]
[PlyCount "110"]
[EventDate "2022.11.15"]
[EventType "swiss"]
[EventRounds "11"]
[EventCountry "ITA"]
[SourceTitle "CBM 211 Extra"]
[Source "ChessBase"]
[SourceDate "2023.01.31"]
[SourceVersion "1"]
[SourceVersionDate "2023.01.31"]
[SourceQuality "1"]

1. d4 d6 2. Nf3 Bg4 3. g3 Bxf3 4. exf3 g6 5. Bg2 Bg7 6. 0-0 Nf6 7. c4 0-0 8. Nc3 c6 9. Be3 e6 10. Qd2 Nbd7 11. Bh6 d5 12. Bxg7 Kxg7 13. cxd5 Nxd5 14. Nxd5 cxd5 15. Rac1 Nb6 16. b3 Rc8 17. Qa5 a6 18. Qb4 Rc7 19. Rfd1 Nc8 20. Qe1 Nd6 21. Bf1 Rxc1 22. Rxc1 Qf6 23. Qb4 Nf5 24. Qxb7 Nxd4 25. f4 g5 26. fxg5 Nf3+ 27. Kh1 Qb2 28. Qc7 Qxf2 29. Bg2 Nxg5 30. Rf1 Qd4 31. Rf4 Ne4 32. Bxe4 dxe4 33. Qe7 Qd1+ 34. Kg2 Qh5 35. h4 Qg6 36. Kh3 h5 37. g4 Rc8 38. g5 Rc3+ 39. Kg2 Rc2+ 40. Kg3 Rc3+ 41. Kg2 e3 42. Qf6+ Qxf6 43. gxf6+ Kg6 44. Ra4 Rc2+ 45. Kf3 e2 46. Kf2 Kxf6 47. Rxa6 Rb2 48. Ra4 e5 49. b4 Kf5 50. a3 e4 51. Ra5+ Kf4 52. Rxh5 f5 53. b5 e3+ 54. Ke1 Ke4 55. b6 Kd3 0-1

[Event "Wch Seniors 65 30th"]
[Site "Assisi"]
[Date "2022.11.17"]
[Round "3"]
[White "Shaffer, Alexander"]
[Black "Werner, Clemens"]
[Result "1-0"]
[WhiteElo "1688"]
[BlackElo "2236"]
[PlyCount "41"]
[EventDate "2022.11.15"]
[EventType "swiss"]
[EventRounds "11"]
[EventCountry "ITA"]
[SourceTitle "CBM 211 Extra"]
[Source "ChessBase"]
[SourceDate "2023.01.31"]
[SourceVersion "1"]
[SourceVersionDate "2023.01.31"]
[SourceQuality "1"]

1. e4 c6 2. d4 d5 3. Nc3 g6 4. Nf3 Bg7 5. h3 Nf6 6. e5 Ne4 7. Bd3 Bf5 8. 0-0 Nxc3 9. bxc3 Qd7 10. a4 0-0 11. Ba3 Re8 12. Re1 Bxd3 13. Qxd3 Na6 14. Ng5 Nc7 15. Rab1 Rab8 16. f4 Bh6 17. Qd2 f6 18. Nf3 Qf5 19. Bc1 Ne6 20. g4 Qxf4 21. Qg2 1-0

[Event "Oberliga Baden 2122"]
[Site "Germany"]
[Date "2022.03.20"]
[Round "9.2"]
[White "Haag, Gregor"]
[Black "Werner, Clemens"]
[Result "1/2-1/2"]
[WhiteElo "2392"]
[BlackElo "2259"]
[PlyCount "105"]
[EventDate "2021.10.10"]
[EventType "team-tourn"]
[EventRounds "11"]
[EventCountry "GER"]
[SourceTitle "EXT 2023"]
[Source "ChessBase"]
[SourceDate "2022.10.05"]
[SourceVersion "1"]
[SourceVersionDate "2022.10.05"]
[SourceQuality "1"]
[WhiteTeam "Brombach"]
[BlackTeam "Ettlingen"]
[WhiteTeamCountry "GER"]
[BlackTeamCountry "GER"]

1. d4 Nf6 2. c4 d6 3. Nc3 g6 4. e4 Bg7 5. Be2 0-0 6. Be3 e5 7. d5 Nbd7 8. g4 Nc5 9. f3 Ne8 10. h4 f5 11. h5 f4 12. Bf2 a5 13. hxg6 hxg6 14. a3 a4 15. Bxc5 dxc5 16. Nxa4 b6 17. b4 Bd7 18. Nb2 Nd6 19. Bd3 Bf6 20. Kf1 Kg7 21. b5 Bh4 22. Qd2 Rh8 23. a4 Nb7 24. Qc3 Qe7 25. Bc2 Bf6 26. Rxh8 Rxh8 27. Nd3 g5 28. Nc1 Kg6 29. Nb3 Rh1 30. Bd1 Qh7 31. Ra2 Qh3+ 32. Rg2 Bxg4 33. Nc1 Bd7 34. Nd3 Qh8 35. Nf2 Rh2 36. Qb2 Rxg2 37. Kxg2 Nd6 38. Qe2 Qh4 39. Kf1 Qh8 40. Bb3 Qa8 41. Qe1 Nf7 42. Bd1 Be7 43. Ne2 Bd6 44. Nc1 Nd8 45. Qc3 Nb7 46. Nb3 Kf6 47. Kg2 Ke7 48. Qe1 Kf7 49. Qc3 Kf6 50. Qe1 Kg7 51. Qc3 Kf6 52. Qe1 Kg7 53. Qc3 1/2-1/2

[Event "DSOL 01 Liga Gr-B 1st"]
[Site "Playchess.com INT"]
[Date "2020.08.05"]
[Round "7.3"]
[White "Michels, Achim"]
[Black "Werner, Clemens"]
[Result "1-0"]
[WhiteElo "2112"]
[BlackElo "2257"]
[PlyCount "59"]
[EventDate "2020.06.22"]
[EventType "team-tourn (rapid)"]
[EventCountry "GER"]
[SourceTitle "EXT 2021"]
[Source "ChessBase"]
[SourceDate "2020.10.23"]
[SourceVersion "1"]
[SourceVersionDate "2020.10.23"]
[SourceQuality "1"]
[WhiteTeam "Kastellaun"]
[BlackTeam "Ettlingen"]
[WhiteTeamCountry "GER"]
[BlackTeamCountry "GER"]

1. d4 Nf6 2. c4 g6 3. Nc3 Bg7 4. e4 d6 5. Be2 0-0 6. h4 h5 7. Bg5 c5 8. d5 b5 9. cxb5 a6 10. bxa6 Qa5 11. Qd2 Bxa6 12. Bxa6 Nxa6 13. Nge2 c4 14. 0-0 Nc5 15. f3 Rfb8 16. Rab1 Rb7 17. Nd4 Qa6 18. Nc6 Nd3 19. b3 Nb4 20. Nxb4 Rxb4 21. bxc4 Rxc4 22. Rfc1 Nh7 23. Be3 Bxc3 24. Rxc3 Rxc3 25. Qxc3 Qxa2 26. Rb7 Qa1+ 27. Qxa1 Rxa1+ 28. Kh2 Kf8 29. Rb8+ Kg7 30. Bd4+ 1-0

[Event "EUR-chT Seniors 65"]
[Site "Mali Losinj"]
[Date "2019.09.24"]
[Round "7.1"]
[White "Werner, Clemens"]
[Black "Renman, Nils Gustaf"]
[Result "1/2-1/2"]
[WhiteElo "2286"]
[BlackElo "2340"]
[PlyCount "66"]
[EventDate "2019.09.18"]
[EventType "team-swiss"]
[EventRounds "9"]
[EventCountry "CRO"]
[SourceTitle "EXT 2020"]
[Source "ChessBase"]
[SourceDate "2019.10.17"]
[SourceVersion "1"]
[SourceVersionDate "2019.10.17"]
[SourceQuality "1"]
[WhiteTeam "Germany 65"]
[BlackTeam "Sweden 65"]
[WhiteTeamCountry "GER"]
[BlackTeamCountry "SWE"]

1. e4 e6 2. d4 d5 3. Nc3 Nf6 4. e5 Nfd7 5. f4 c5 6. Nf3 Nc6 7. Be3 a6 8. Qd2 b5 9. dxc5 Bxc5 10. Bd3 Qb6 11. Bf2 0-0 12. 0-0 h6 13. Kh1 Bxf2 14. Rxf2 Nc5 15. a3 Rd8 16. Rff1 Ne4 17. Qe1 Nxc3 18. Qxc3 d4 19. Qe1 Bb7 20. Qe4 g6 21. Qe1 Qc5 22. Nd2 Ne7 23. Qh4 Nf5 24. Bxf5 exf5 25. Qxh6 Qxc2 26. e6 Bxg2+ 27. Kxg2 Qxd2+ 28. Kh1 Qc2 29. exf7+ Kxf7 30. Qh7+ Kf6 31. Qh4+ Kf7 32. Qh7+ Kf6 33. Qh4+ Kf7 1/2-1/2

[Event "EUR-chT Seniors 65"]
[Site "Mali Losinj"]
[Date "2019.09.22"]
[Round "5.2"]
[White "Werner, Clemens"]
[Black "Huss, Andreas"]
[Result "0-1"]
[WhiteElo "2286"]
[BlackElo "2261"]
[PlyCount "120"]
[EventDate "2019.09.18"]
[EventType "team-swiss"]
[EventRounds "9"]
[EventCountry "CRO"]
[SourceTitle "EXT 2020"]
[Source "ChessBase"]
[SourceDate "2019.10.17"]
[SourceVersion "1"]
[SourceVersionDate "2019.10.17"]
[SourceQuality "1"]
[WhiteTeam "Germany 65"]
[BlackTeam "Switzerland 65"]
[WhiteTeamCountry "GER"]
[BlackTeamCountry "SUI"]

1. e4 c6 2. d4 d5 3. Nd2 dxe4 4. Nxe4 Nf6 5. Nxf6+ gxf6 6. c3 Bf5 7. Nf3 e6 8. g3 Nd7 9. Qe2 Qc7 10. Bg2 0-0-0 11. 0-0 Bg4 12. a4 h5 13. h3 Bxf3 14. Qxf3 f5 15. b4 Bd6 16. b5 h4 17. Bg5 Rdg8 18. Bxh4 f4 19. bxc6 bxc6 20. Qd3 f6 21. Rab1 fxg3 22. Qa6+ Kd8 23. Rb7 gxf2+ 24. Rxf2 Qc8 25. Bxf6+ Nxf6 26. Rxf6 Rh7 27. Qa5+ Bc7 28. Qxa7 Qxb7 29. Qxb7 Bh2+ 30. Kxh2 Rxb7 31. Rf2 Rb3 32. Bxc6 Rxc3 33. Bg2 Ra3 34. Bc6 Kc7 35. Bg2 Kd6 36. Rd2 Rxa4 37. d5 e5 38. Rc2 e4 39. Rc6+ Kxd5 40. Rc2 Kd4 41. Bf1 Ra1 42. Be2 Ke3 43. Bg4 Kd3 44. Rc7 Rd8 45. Kg3 e3 46. Re7 Rg1+ 47. Kf4 Rf8+ 48. Kg5 Rg8+ 49. Kf4 Rf8+ 50. Kg5 Rg8+ 51. Kf4 Rf1+ 52. Kg3 e2 53. Rxe2 Rxg4+ 54. Kxg4 Kxe2 55. h4 Ke3 56. h5 Ke4 57. Kg5 Ke5 58. Kg6 Ke6 59. h6 Rg1+ 60. Kh7 Kf7 0-1

[Event "Verbandsliga Nordbaden 1819"]
[Site "Baden"]
[Date "2019.05.05"]
[Round "9.5"]
[White "Werner, Clemens"]
[Black "Mueller, Erich2222"]
[Result "1-0"]
[WhiteElo "2292"]
[BlackElo "2125"]
[PlyCount "123"]
[EventDate "2018.10.14"]
[EventType "team-tourn"]
[EventRounds "9"]
[EventCountry "GER"]
[SourceTitle "EXT 2020"]
[Source "ChessBase"]
[SourceDate "2019.10.17"]
[SourceVersion "1"]
[SourceVersionDate "2019.10.17"]
[SourceQuality "1"]
[WhiteTeam "Ettlingen"]
[BlackTeam "Ladenburg"]
[WhiteTeamCountry "GER"]
[BlackTeamCountry "GER"]

1. e4 d6 2. d4 Nf6 3. Nc3 c6 4. g3 Nbd7 5. Bg2 e5 6. a4 Be7 7. Nge2 0-0 8. 0-0 Re8 9. Re1 Nf8 10. h3 Be6 11. Be3 Qc7 12. f4 Rad8 13. Qd3 Bc8 14. Qc4 Ne6 15. dxe5 dxe5 16. f5 Nd4 17. Nb5 Nxe2+ 18. Rxe2 Qb8 19. Nc3 Rd7 20. Bf3 Red8 21. Kh2 b6 22. Qxc6 Ba6 23. a5 Rc7 24. Qa4 Bxe2 25. Bxe2 Bc5 26. Bg5 Rd4 27. Qb5 Nxe4 28. axb6 axb6 29. Nxe4 Rxe4 30. c3 Ra7 31. Rd1 Be7 32. Bf3 Bxg5 33. Bxe4 h5 34. h4 Bf6 35. Qe2 Ra4 36. Bc6 Ra5 37. Qxh5 Qc7 38. Qf3 Rc5 39. Be4 b5 40. Ra1 Qd8 41. Kh3 Rc8 42. Bb7 Rb8 43. Bd5 Qe7 44. Qe3 Qd7 45. Be4 Rd8 46. Ra7 Qd1 47. Qf3 Qd2 48. Rb7 Qxb2 49. Bd5 Qd2 50. Bxf7+ Kh8 51. Rb6 Qd1 52. Qxd1 Rxd1 53. Rxb5 e4 54. Rb8+ Bd8 55. Rb4 e3 56. Re4 g6 57. Bxg6 Re1 58. Kg4 Kg7 59. Re6 Ba5 60. Kf3 Bxc3 61. Rxe3 Rf1+ 62. Kg4 1-0

[Event "Verbandsliga Nordbaden 1819"]
[Site "Baden"]
[Date "2018.11.04"]
[Round "2.5"]
[White "Werner, Clemens"]
[Black "Cubek, Christian"]
[Result "1/2-1/2"]
[WhiteElo "2292"]
[BlackElo "2006"]
[PlyCount "96"]
[EventDate "2018.10.14"]
[EventType "team-tourn"]
[EventRounds "9"]
[EventCountry "GER"]
[SourceTitle "EXT 2020"]
[Source "ChessBase"]
[SourceDate "2019.10.17"]
[SourceVersion "1"]
[SourceVersionDate "2019.10.17"]
[SourceQuality "1"]
[WhiteTeam "Ettlingen"]
[BlackTeam "Heidelberg"]
[WhiteTeamCountry "GER"]
[BlackTeamCountry "GER"]

1. e4 g6 2. d4 Bg7 3. Nc3 d6 4. g3 Nd7 5. Bg2 e5 6. dxe5 dxe5 7. a4 a5 8. b3 Ne7 9. Ba3 0-0 10. Nf3 b6 11. 0-0 Nc5 12. Bxc5 bxc5 13. Re1 c4 14. bxc4 c6 15. Qxd8 Rxd8 16. Rad1 Be6 17. Bf1 Bg4 18. Be2 Bxf3 19. Bxf3 Rd4 20. Be2 Bh6 21. Bd3 Rb8 22. Rb1 Rdd8 23. Red1 Rb4 24. Kf1 Rdb8 25. Be2 Bd2 26. Rxb4 axb4 27. Rxd2 bxc3 28. Rd7 Kf8 29. Rd3 Ra8 30. Rxc3 Rxa4 31. Rb3 Ra1+ 32. Kg2 Ra5 33. Rb7 Ke8 34. Bg4 f5 35. exf5 gxf5 36. Bh5+ Kf8 37. g4 f4 38. g5 e4 39. h4 Rc5 40. Rb8+ Kg7 41. Re8 Re5 42. Kf1 c5 43. c3 h6 44. Ke2 hxg5 45. hxg5 Nc6 46. Rc8 Ne7 47. Re8 Nc6 48. Rc8 Ne7 1/2-1/2